XG all songs(January 2026 update) - Statistics

General Stats
  • This quiz has been taken 148 times
    16 since last reset
  • The average score is 20 of 28
Answer Stats
Hint Answer % Correct
SHOOTING STAR LEFT RIGHT
100%
SHOOTING STAR SHOOTING STAR
100%
AWE IS THIS LOVE
93%
2nd Pre-release(AWE) IYKYK
87%
2nd Single MASCARA
87%
NEW DNA NEW DANCE
87%
1st Single Tippy Toes
87%
5th Single WOKE UP
87%
Pre-release(THE CORE - 核) GALA
80%
Pre-release(NEW DNA) GRL GVNG
80%
AWE HOWLING
80%
AWE IN THE RAIN
80%
NEW DNA PUPPET SHOW
80%
NEW DNA TGIF
80%
1st Pre-release(AWE) SOMETHING AIN'T RIGHT
73%
NEW DNA X-GENE
73%
NEW DNA HESONOO
67%
THE CORE - 核 HYPNOTIZE
67%
Other release Undefeated
67%
4th Single WINTER WITHOUT
YOU
60%
THE CORE - 核 4 SEASONS
53%
THE CORE - 核 O.R.B (Obviously Reads Bro)
53%
THE CORE - 核 PS118
53%
THE CORE - 核 ROCK THE BOAT
53%
THE CORE - 核 TAKE MY BREATH
53%
THE CORE - 核 UP NOW
53%
THE CORE - 核 NO GOOD
47%
6th Single MILLION PLACEST
7%
No matching quizzes found
Score Distribution
Percent of People with Each Score
Percentile by Number Answered
Your Score History
You have not taken this quiz since the last reset